¿Quién se ha llevado mi queso? : (Registro nro. 12988)

Detalles MARC
000 -LIDER
fixed length control field 00948nam a22002777a 4500
003 - IDENTIFICACDOR DE NÚMERO DE CONTROL
control field DO-SdBNP
005 - DATE AND TIME OF LATEST TRANSACTION
control field 20221101125312.0
008 - ELEMENTOS DE LONGITUD FIJA
fixed length control field 161031b2000 sp 00| 0 spa d
020 ## - ISBN
International Standard Book Number 8479534451
040 ## - FUENTE DE CATALOGACIÓN
Agencia que crea de manera original el registro BPMSU
Idioma de catalogación spa
Agencia que realiza la transcripción BPMSU
082 #4 - NÚMERO DE CLASIFICACIÓN DECIMAL DE DEWEY
Classification number 158.1
Item number J66q 2000
Edition number 22
100 1# - ASIENTO PRINCIPAL -- NOMBRE PERSONAL
Nombre personal Johnson, Spencer
Fechas asociadas con el nombre 1938-2017.
245 10 - MENCIÓN DE TITULO
Título ¿Quién se ha llevado mi queso? :
Subtítulo una manera sorprendente de afrontar el cambio en el trabajo y en la vida privada /
Mención de responsabilidad Spencer Johnson ; traducción José M. Pomares
250 ## - MENCIÓN DE EDICION
Mención de edición 19a. ed.
260 ## - PUBLICACIÓN, DISTRIBUCIÓN, ETC. (PIE DE IMPRENTA)
Lugar de publicación, distribución, etc Barcelona, España :
Nombre del editor, distribuidor, etc. Urano,
Fecha de publicación, distribución, etc 2000.
300 ## - DESCRIPCIÓN FÍSICA
Extensión 106 p. :
Dimensiones 23 cm.
490 #0 - MENCIÓN DE SERIES
Mención de serie Empresa
Volume/sequential designation 21
500 ## - NOTA GENERAL
Nota general Una manera sorprendente de afrontar el cambio en el trabajo y en la vida privada.
590 ## - NOTA LOCAL
Enlace Inventariado. 2022/VM
650 #4 - ENCABEZAMIENTO DE MATERIA--TEMÁTICO
Término temático o nombre geográfico como elemento de entrada Éxito
650 #4 - ENCABEZAMIENTO DE MATERIA--TEMÁTICO
Término temático o nombre geográfico como elemento de entrada Estilo de vida.
650 #4 - ENCABEZAMIENTO DE MATERIA--TEMÁTICO
Término temático o nombre geográfico como elemento de entrada Conducta (Psicología)
700 1# - ASIENTO SECUNDARIO -- NOMBRE PERSONAL
Nombre personal Pomares, José M.
Mención de responsabilidad trad.
910 ## - VALIDACIÓN
Validación VMateo V./Validado
942 ## - ADDED ENTRY ELEMENTS (KOHA)
Source of classification or shelving scheme Dewey Decimal Classification
Koha item type Libros
Existencias
Withdrawn status Lost status Source of classification or shelving scheme Damaged status Not for loan Collection code Home library Current library Date acquired Source of acquisition Full call number Barcode Date last seen Price effective from Koha item type
    Dewey Decimal Classification     Colección General Biblioteca Pública Metropolitana Salomé Ureña Biblioteca Pública Metropolitana Salomé Ureña 11/21/2017 Donado por Fundi BPMSU CG 158.1 J66q 2000 BPMSU17110303 11/21/2017 11/21/2017 Libros